000 00305nam a22001337a 4500
008 170131b xxu||||| |||| 00| 0 eng d
020 _a9780316233996
041 _aeng
080 _23RD
_a61
100 _a3
101 _aSHM
245 _aPEDIATRIC & A DOLESCENT GYNECOLOGY
_cEMANS, J.H
942 _2udc
_cBK
999 _c4110
_d4110